000 00215 a2200097 4500
020 _a9789707418134
041 _aspa
100 _aTomie de paola
245 _ala abuelita de arriba y la abuelita de abajo
942 _cK
999 _c30245
_d30243